000 00286nam a22001217a 4500
008 170527b xxu||||| |||| 00| 0 eng d
041 _aeng
080 _a66.0
100 _a27
101 _aIM
245 _aGRAPHICAL TECHNIQUES FOR ENGINEERING COMPUTATIONS
_cBURROWS
942 _2udc
_cBK
999 _c14666
_d14666